000 00549nam a22001937a 4500
003 MPLRDC
005 20220104194950.0
008 210129b ||||| |||| 00| 0 eng d
020 _a978-983-3738-83-0
082 _a859.6 XLS v.2
100 _a许老师 作者
245 _a没有门的屋子
_c许友彬 主编
250 _a初版
260 _a马来西亚
_b红蜻蜓出版有限公司 ODONATA PUBLISHING SDN BHD
_c
300 _b
490 _a阅读习惯: 1103
650 _a儿童故事;儿童小说
942 _cBK
_o859.6 XLS v.2
999 _c65948
_d65938